Statistics for 2015-2016 English Premier League Managers

Click here to take the quiz!

General Stats

  • This quiz has been taken 128 times
    (105 since last reset)
  • The average score is 14 of 20

Answer Stats

HintAnswer% Correct
ArsenalArsene Wenger
97%
Manchester UnitedLouis Van Gaal
92%
ChelseaJose Mourinho
91%
LiverpoolBrendan Rodgers
87%
Leicester CityClaudio Ranieri
87%
Manchester CityManuel Pellegrini
87%
EvertonRoberto Martinez
81%
BournemouthEddie Howe
79%
Crystal PalaceAlan Pardew
73%
Tottenham HotspurMauricio Pochettino
70%
Stoke CityMark Hughes
64%
West Bromwich AlbionTony Pulis
64%
West Ham UnitedSlaven Bilic
63%
Aston VillaTim Sherwood
61%
SouthamptonRonald Koeman
60%
Swansea CityGarry Monk
54%
Newcastle UnitedSteve McClaren
47%
WatfordQuique Flores
43%
Norwich CityAlex Neil
39%
SunderlandDick Advocaat
34%

Score Distribution

Percentile by Number Answered

Percent of People with Each Score

Your Score History

You have not taken this quiz since the last reset